Southville International School and Colleges
Your cart is empty.
  • Cart
  • Lists
    Public lists Eva Luna New books Lux_list list_1
    Your lists Log in to create your own lists
  • Log in to your account
  • Your cookies
  • Search history
Southville International School and Colleges
  • Advanced search
  • Recent comments
  • Most popular
  • Libraries

Log in to your account

Log in with GOOGLE


If you do not have an external account, but do have a local account, you can still log in:

  1. Home
  2. MARC view: The new Income tax, law and accounting
Normal view MARC view ISBD view

The new Income tax, law and accounting (Record no. 35481)

[ view plain ]
MARC details
000 -LEADER
fixed length control field 00438nam a22001577a 4500
003 - CONTROL NUMBER IDENTIFIER
control field OSt
005 - DATE AND TIME OF LATEST TRANSACTION
control field 20140311130135.0
008 - FIXED-LENGTH DATA ELEMENTS--GENERAL INFORMATION
fixed length control field 130214t xxu||||| |||| 00| 0 eng d
050 ## - LIBRARY OF CONGRESS CALL NUMBER
Classification number KPM2858 .R49 2009
Item number R49 2009
082 ## - DEWEY DECIMAL CLASSIFICATION NUMBER
Classification number KPM2858
245 ## - TITLE STATEMENT
Title The new Income tax, law and accounting
Statement of responsibility, etc Virgilio D. Reyes
260 ## - PUBLICATION, DISTRIBUTION, ETC. (IMPRINT)
Place of publication, distribution, etc [S.l. : s.n.],
Date of publication, distribution, etc 2009
300 ## - PHYSICAL DESCRIPTION
Extent 1 v. (various pagings)
Other physical details ill
Dimensions 23 cm
942 ## - ADDED ENTRY ELEMENTS (KOHA)
Source of classification or shelving scheme Library of Congress Classification
Koha item type Books
Call number prefix

No items available.

The new Income tax, law and accounting

APA

(2009). The new Income tax, law and accounting. [S.l. : s.n.]: .

Chicago

2009. The new Income tax, law and accounting. [S.l. : s.n.]: .

Harvard

(2009). The new Income tax, law and accounting. [S.l. : s.n.]: .

MLA

The new Income tax, law and accounting. [S.l. : s.n.]: . 2009.

  • Print
  • Cite
  • Add to your cart (remove)
  • Save record
    BIBTEX Dublin Core MARCXML MARC (non-Unicode/MARC-8) MARC (Unicode/UTF-8) MARC (Unicode/UTF-8, Standard) MODS (XML) RIS
  • More searches
    Search for this title in:
    Other Libraries (WorldCat) Other Databases (Google Scholar) Online Stores (Bookfinder.com) Open Library (openlibrary.org)

Exporting to Dublin Core...

SOUTHVILLE LIBRARY

Southville International School and Colleges Library

1281 Tropical Ave. Cor. Luxembourg St., BF Homes International, Las Pinas City

Tel. No. 8256374 / 252358 Loc. 117/146

Powered by Koha